Ideología de lo público y ética de la política /

Shranjeno v:
Bibliografske podrobnosti
Glavni avtor: García, George I.
Format: Texto
Teme:
Oznake: Označite
Brez oznak, prvi označite!

MARC

LEADER 00000 a a2200000 04500
001 45026
003
040
100 |a García, George I.  
245 |a Ideología de lo público y ética de la política /  |c George I. García  
500
650 |a PACIO PUBLICO  
650 |a POLITICA  
773 |g páginas 293-309  
999 |c 20936  |d 20936